Fejlesztésre az idén sem jut elég pénz csak néhány százezerrel növekszik a költségvetés

Bibliographic Details
Main Author: Leczo, Zoltán, 1972- (Author)
Format: Article
Language:Hungarian
Slovak
Subjects:

MARC

LEADER 00000nab a2200000 a 4500
001 vtls001492857
003 SK-MaSNL
005 20260318114459.0
008 050209c20050209xo drzp 0 0hun
015 |a RVGKPD2005/02 
038 |a RVGKPD 
040 |a RVGKPD  |b slo  |c RVGKPD  |e AACR2 
041 0 |a slo 
044 |a xo  |c SK 
080 |a 352.9  |2 UDC-MRF-SK2 
100 1 |a Leczo, Zoltán,  |d 1972-  |4 aut  |9 846881 
245 1 0 |a Fejlesztésre az idén sem jut elég pénz  |b csak néhány százezerrel növekszik a költségvetés  |c Zoltán Leczo 
650 0 7 |a miestna správa   |2 rvgkpd  |9 29496 
651 7 |a Veľké Trakany (Slovensko)  |2 rvgkpd  |9 31702 
651 7 |a Trebišov (Slovensko : okres)  |2 rvgkpd  |9 56230 
773 0 |t Új Szó  |g Roč. 58, č. 32 (09.02.2005), s. 4 
852 |a RVGKPD  |b KIS3GCP 
992 |a RBX 
999 |c 3307502  |d 3309432